তামাদি আইন/ সর্বশেষ সংশোধনী, ধারার বিশ্লেষণ ও উচ্চতর আদালতের সিদ্ধান্ত সহ : (Record no. 7095)
[ view plain ]
| 000 -LEADER | |
|---|---|
| fixed length control field | 00961nam a22002297a 4500 |
| 003 - CONTROL NUMBER IDENTIFIER | |
| control field | BUBTL |
| 008 - FIXED-LENGTH DATA ELEMENTS--GENERAL INFORMATION | |
| fixed length control field | 230914b ||||| |||| 00| 0 eng d |
| 020 ## - INTERNATIONAL STANDARD BOOK NUMBER | |
| International Standard Book Number | 9848470158 |
| 041 ## - LANGUAGE CODE | |
| Language code of text/sound track or separate title | বাংলা |
| 082 ## - DEWEY DECIMAL CLASSIFICATION NUMBER | |
| Classification number | 347.052/ G155l/ 2011 |
| 100 ## - MAIN ENTRY--PERSONAL NAME | |
| 9 (RLIN) | 5298 |
| Personal name | গাঙ্গুলী, বাসুদেব |
| 245 ## - TITLE STATEMENT | |
| Title | তামাদি আইন/ সর্বশেষ সংশোধনী, ধারার বিশ্লেষণ ও উচ্চতর আদালতের সিদ্ধান্ত সহ : |
| Remainder of title | বাসুদেব গাঙ্গুলী |
| 250 ## - EDITION STATEMENT | |
| Edition statement | ৩য় সং |
| 260 ## - PUBLICATION, DISTRIBUTION, ETC. (IMPRINT) | |
| Place of publication, distribution, etc. | ঢাকা |
| Name of publisher, distributor, etc. | বাংলাদেশ ল‘ বুক কোম্পানী |
| Date of publication, distribution, etc. | c2011 |
| 300 ## - PHYSICAL DESCRIPTION | |
| Extent | 289p. : |
| Other physical details | ill. ; 21 cm . |
| 526 ## - STUDY PROGRAM INFORMATION NOTE | |
| Program name | Law |
| 650 #0 - SUBJECT ADDED ENTRY--TOPICAL TERM | |
| 9 (RLIN) | 2102 |
| Topical term or geographic name as entry element | Law |
| 700 ## - ADDED ENTRY--PERSONAL NAME | |
| 9 (RLIN) | 5298 |
| Personal name | গাঙ্গুলী, বাসুদেব |
| 856 ## - ELECTRONIC LOCATION AND ACCESS | |
| Password | 0 |
| Logon | 0 |
| Link text | Download |
| 942 ## - ADDED ENTRY ELEMENTS (KOHA) | |
| Source of classification or shelving scheme | |
| Koha item type | Books |
| Withdrawn status | Lost status | Source of classification or shelving scheme | Damaged status | Not for loan | Collection code | Permanent location | Current location | Shelving location | Date acquired | Source of acquisition | Inventory number | Total Checkouts | Full call number | Barcode | Date last seen | Copy number | Price effective from | Koha item type | Date last checked out |
|---|---|---|---|---|---|---|---|---|---|---|---|---|---|---|---|---|---|---|---|
| Non-fiction | Bangladesh University of Business and Technology Library | Bangladesh University of Business and Technology Library | Law Stacks | 07/25/2013 | Purchase | 16452 | 347.052/ G155l/ 2011 | BUBTL-200316452 | 09/14/2023 | C-1 | 09/14/2023 | Books | |||||||
| Not For Loan | Non-fiction | Bangladesh University of Business and Technology Library | Bangladesh University of Business and Technology Library | Law Stacks | 07/25/2013 | Purchase | 16453 | 347.052/ G155l/ 2011 | BUBTL-200316453 | 09/14/2023 | C-2 | 09/14/2023 | Books | ||||||
| Non-fiction | Bangladesh University of Business and Technology Library | Bangladesh University of Business and Technology Library | Law Stacks | 07/25/2013 | Purchase | 16454 | 1 | 347.052/ G155l/ 2011 | BUBTL-200316454 | 07/15/2024 | C-3 | 09/14/2023 | Books | 07/14/2024 | |||||
| Non-fiction | Bangladesh University of Business and Technology Library | Bangladesh University of Business and Technology Library | Law Stacks | 07/25/2013 | Purchase | 16455 | 347.052/ G155l/ 2011 | BUBTL-200316455 | 09/14/2023 | C-4 | 09/14/2023 | Books | |||||||
| Non-fiction | Bangladesh University of Business and Technology Library | Bangladesh University of Business and Technology Library | Law Stacks | 07/25/2013 | Purchase | 16456 | 347.052/ G155l/ 2011 | BUBTL-200316456 | 09/14/2023 | C-5 | 09/14/2023 | Books |
